000 01148cam a22003497a 4500
003 CHAP
005 20220329135059.0
008 971013s1984 r 00010 d
010 _a30603
011 _a31575
035 _a35687
040 _cCHAP
090 _aFolleto 11432
100 0 0 _aMares H., María A.
_971333
245 1 3 _aEl romero
260 _aXalapa, Ver. :
_bInstituto Nacional de Investigaciones sobre Recursos Bióticos,
_c1984
300 _ac.a. 4 p.
_b: ilus
490 0 _aINIREB Informa. Comunicado
_v; 78
590 _aBATCH-UPD
_b10
_c20130110
_lUCH01
_h0219
590 _aBATCH-UPD
_b10
_c20130110
_lUCH01
_h2053
590 _aBATCH-UPD
_b10
_c20130409
_lUCH01
_h2239
590 _aBATCH-UPD
_b10
_c20130410
_lUCH01
_h1406
590 _aBATCH-UPD
_b10
_c20130914
_lUCH01
_h1444
590 _aCONVERSION
_b10
_c20130109
_lUCH01
_h1317
650 1 4 _aRosmarinus officinalis.
_9100164
700 0 _aFrías D., María Inés.
_943514
700 0 _aHernández B., Jesús.
_953830
830 0 _aINIREB Informa. Comunicado
_v; 78
_958804
901 _aBK
942 _cFOLL
949 _aFolleto 11432
_bBC
_cFOLL
_d-82563
_eTS1
_i35687
_mD
_si
999 _c30603
_d30603